| 000 | 00365 a2200157 4500 | ||
|---|---|---|---|
| 001 | 167186 | ||
| 020 | _a | ||
| 040 | _cMagnum | ||
| 100 | _aRosemberg, Fulvia (Org.) | ||
| 240 | 1 | 0 |
_aCreches e pre-escolas no hemisferio norte _lpor |
| 245 | 1 | 0 | _aCreches e pre-escolas no hemisferio norte |
| 362 | 0 | _a1899 | |
| 440 | 1 | _aCortez | |
| 697 | _aENSINO | ||
| 942 | _cBK | ||
| 999 |
_c167186 _d167186 |
||